| 000 | 00941fam a2200289 a 4500 | ||
|---|---|---|---|
| 005 | 20260322212040.0 | ||
| 008 | data | ||
| 010 | _a 89001855 | ||
| 020 | _a0801838150 (alk. paper) | ||
| 020 | _a9780801838156 (alk. paper) | ||
| 040 |
_aDLC _cDLC _dDLC |
||
| 043 | _an-us--- | ||
| 050 | 0 | 0 |
_aRA971.3 _b.P78 1989 |
| 096 | _aWX 157 A23p 1989 | ||
| 245 | 1 | 0 |
_aProviding hospital services : _bthe changing financial environment / _cGerard F. Anderson. |
| 260 | 0 |
_aBaltimore : _bJohns Hopkins University Press, _cc1989. |
|
| 300 |
_axi, 230 p. : _bill. ; _c24 cm. |
||
| 440 | 0 |
_aJohns Hopkins studies in health care finance and administration ; _v2 |
|
| 500 | _aIncludes index. | ||
| 504 | _aBibliography: p. 205-217. | ||
| 590 | _aBibliography: p. 205-217. | ||
| 590 | _aIncludes index. | ||
| 650 | 0 |
_aHospitals _zUnited States _xFinance. |
|
| 650 | 0 |
_aHospitals _xProtective payment. |
|
| 700 | 1 |
_aAnderson, Gerard F., _d1951- |
|
| 001 | data | ||
| 999 |
_c941 _d941 |
||